NLSUI OPAC header image

Rbi power saliency in the light of competition commission (Record no. 217034)

MARC details
000 -LEADER
fixed length control field 01740nam a2200145Ia 4500
005 - DATE AND TIME OF LATEST TRANSACTION
control field 20260209120130.0
008 - FIXED-LENGTH DATA ELEMENTS--GENERAL INFORMATION
fixed length control field 260209s9999||||xx |||||||||||||| ||und||
100 ## - MAIN ENTRY--PERSONAL NAME
Personal name Praveen Chandra
245 #0 - TITLE STATEMENT
Title Rbi power saliency in the light of competition commission
260 ## - PUBLICATION, DISTRIBUTION, ETC.
Place of publication, distribution, etc. BangaloreBangalore
Name of publisher, distributor, etc. NLSIU
Date of publication, distribution, etc. 2012
300 ## - PHYSICAL DESCRIPTION
Extent 59 p. ; 25 cm.
505 ## - FORMATTED CONTENTS NOTE
Formatted contents note TABLE OF CONTENTS • Statement of Problem; • Research Question; • Hypothesis; • Research Methodology; • Mode of Citation; CHAPTER I INTRODUCTION ; (i) Present Global Scenario of Banking Sector; (ii) Need Of Competition In The Banking Sector; CHAPTER II CHANGING ROLE OF RESERVE BANK OF INDIA ; (i) History Of Present Banking System; (ii) Function And Role Of RBI; (iii) Major Reform since /99/-92; (iv) Legal Reforms; (v) Present Problem Faced By The Banking Sector; CHAPTER III EXPANDING THE WINGS OF COMPETITION LAW OF INDIA ; (i) Object of Competition Law; (ii) Definitions And Criteria Under The Competition Act, 2002; (iii) Criteria For Evaluation Of Competition; (a) Anti- Competitive Agreement; (b) Abuse Of Dominant Position; (c) relevant geographic market; (d) relevant product market; (iv) Anti-Competitive Amalgamations; (v) Combination And Its Regulation; CHAPTER IV RBI UNDER THE LENS OF COMPETITION COMMISSION ; (i) Banking Sector From The Eye Of Competition Commission; (ii) Competition And RBI Overlaps: (iii) Regulated Activities For Banks Which Overlap With Competition; (iv) Will RBI Be A Better Judge For Banking Mergers?; (v) The Guidelines Of International Competition Network; CHAPTER VI CONCLUSION AND SUGGESTION ; BIBLIOGRAPHY.
700 ## - ADDED ENTRY--PERSONAL NAME
Personal name Prof. (Dr.) N L Mitra - GuideProf. (Dr.) N L Mitra - Guide
856 ## - ELECTRONIC LOCATION AND ACCESS
Uniform Resource Identifier <a href="https://dans.nls.ac.in/handle/123456789/1851">https://dans.nls.ac.in/handle/123456789/1851</a>
Holdings
Withdrawn status Lost status Damaged status Not for loan Home library Current library Date acquired Total Checkouts Barcode Date last seen Price effective from Koha item type
        . . 09.02.2026   LLM399 09.02.2026 09.02.2026 Dissertation